| 000 | 02023nam0a2200397 4500 | ||
|---|---|---|---|
| 001 | RU\NLR\BIBL_A\011563895 | ||
| 005 | 20240215144618.0 | ||
| 010 |
_a978-5-907627-77-2 _9500 |
||
| 021 |
_aRU _bКН-П-23-005299 _9КН-П-23-0516 |
||
| 035 | _a(NLR Aleph) 016309106 | ||
| 035 | _a(RuMoRGB)011563895 | ||
| 090 |
_a12996918 _c12996918 |
||
| 100 | _a20230202d2022 k y0rusy50 ca | ||
| 101 | 0 | _arus | |
| 102 | _aRU | ||
| 105 | _aa z 000zy | ||
| 181 | 0 |
_ai _baxxe |
|
| 182 | 0 | _an | |
| 200 | 1 |
_aМетодические аспекты эффективной цифровизации экономических систем (на примере предприятий оборонно-промышленного комплекса) _eмонография _fДородных Е. Е., Князьнеделин Р. А., Курбанов А. Х., Плотников В. А. |
|
| 203 |
_aТекст _bвизуальный _cнепосредственный |
||
| 210 |
_aКурск _cУниверситетская книга _d2022 |
||
| 215 |
_a166 с. _cил., табл. _d21 |
||
| 320 | _aБиблиогр.: с. 140-159 (176 назв.) и в подстроч. примеч. | ||
| 606 | 1 |
_aВоенная промышленность _xПредприятия _xУправление _xИнформационные технологии _yРоссийская Федерация _2nlr_sh2 _3RU\NLR\AUTH\6601724948 |
|
| 686 | 1 | _aУ30(2)52-210.302(2Р) | |
| 701 | 1 |
_aДородных _bЕ. Е. _gЕлена Евгеньевна |
|
| 701 | 1 |
_aКнязьнеделин _bР. А. _gРадислав Алексеевич |
|
| 701 | 1 |
_aКурбанов _bА. Х. _gАртур Хусаинович |
|
| 701 | 1 |
_aПлотников _bВ. А. _gВладимир Александрович |
|
| 801 | 0 |
_aRU _bRuMoRKP _c20230202 _gPSBO |
|
| 801 | 1 |
_aRU _bRuMoRGB _c20230202 |
|
| 801 | 2 |
_aRU _bRuMoRGB _c20230208 _gPSBO |
|
| 942 | _cBOOK | ||
| 980 | _aNB | ||